00555nam a22001937a 450000500170000001000430001702000260006003500130008603500170009903700160011603700130013208200110014510000190015624500620017526000390023727000430027630000230031950000190034220180629144432.0 a1718EN-30 ENG-116181 B-687337-3416 a9788125063148c850.00 aEN-99713 aB-687337-346 bUppal adpl bDBAD/PUB a327.54 aPant, Harsh V. aIndian foreign policy :cby Harsh V. Pant,ban overview / c2016aNew DelhibOrient Blackswan  a1/24, Asaf Ali RoadbNew Delhie110002 c23cm(pbk)ax,246p. aIncludes index